书目信息 |
| 题名: |
麦克阿瑟画传
|
|
| 作者: | 时影 编著 | |
| 分册: | ||
| 出版信息: | 北京 作家出版社 2016.1 |
|
| 页数: | 227页 | |
| 开本: | 24cm | |
| 丛书名: | 名人画传丛书 | |
| 单 册: | ||
| 中图分类: | K837.125.2 | |
| 科图分类: | ||
| 主题词: | 军事家--jun shi jia--传记--美国--现代--画册 | |
| 电子资源: | ||
| ISBN: | 978-7-5063-8370-7 | |
| 000 | 01286nam 2200277 450 | |
| 001 | 0100004307 | |
| 005 | 20160109111657.7 | |
| 010 | @a978-7-5063-8370-7@dCNY32.00 | |
| 100 | @a20160109d2016 em y0chiy0121 ea | |
| 101 | 0 | @achi |
| 102 | @aCN@b110000 | |
| 105 | @aa z 000yb | |
| 106 | @ar | |
| 200 | 1 | @a麦克阿瑟画传@Amai ke a se hua zhuan@d= Douglas Macarthur@f时影编著@zeng |
| 210 | @a北京@c作家出版社@d2016.1 | |
| 215 | @a227页@c图@d24cm | |
| 225 | 2 | @a名人画传丛书@Aming ren hua zhuan cong shu |
| 330 | @a麦克阿瑟堪称军事奇才。他是美国陆海空三军中获得勋章最多的将军, 也是美国将军中仅有的一个参加过首次世界大战、第二次世界大战和朝鲜战争的人。麦克阿瑟的一生与亚洲关系极深。他因在太平洋战争中战胜日本而扬名全球, 也因在朝鲜战场的狂妄轻敌遭致失败而黯然引退。本书以最精炼的文字、最精彩的图片、最优化的内容组合, 形象而凝练地展示麦克阿瑟丰富多彩的一生。我们可以在短时间内了解他、看见他、感受他, 并从中收获诸多有益的人生启示。 | |
| 410 | 0 | @12001 @a名人画传丛书 |
| 510 | 1 | @aDouglas Macarthur@zeng |
| 600 | 1 | @a麦克阿瑟@Amai ke a se@g(Macarthur, Douglas),@f1880-1964@x传记@j画册 |
| 606 | 0 | @a军事家@Ajun shi jia@x传记@y美国@z现代@j画册 |
| 690 | @aK837.125.2@v5 | |
| 701 | 0 | @a时影@Ashi ying@4编著 |
| 801 | 0 | @aCN@c20160515 |
| 905 | @a河南城建学院图书馆@dK837.125.2@eM280 | |
| 麦克阿瑟画传= Douglas Macarthur/时影编著.-北京:作家出版社,2016.1 |
| 227页:图;24cm.-(名人画传丛书) |
| ISBN 978-7-5063-8370-7:CNY32.00 |
| 麦克阿瑟堪称军事奇才。他是美国陆海空三军中获得勋章最多的将军, 也是美国将军中仅有的一个参加过首次世界大战、第二次世界大战和朝鲜战争的人。麦克阿瑟的一生与亚洲关系极深。他因在太平洋战争中战胜日本而扬名全球, 也因在朝鲜战场的狂妄轻敌遭致失败而黯然引退。本书以最精炼的文字、最精彩的图片、最优化的内容组合, 形象而凝练地展示麦克阿瑟丰富多彩的一生。我们可以在短时间内了解他、看见他、感受他, 并从中收获诸多有益的人生启示。 |
| ● |
| 相关链接 |
|
|
|
正题名:麦克阿瑟画传
索取号:K837.125.2/M280
 
预约/预借
| 序号 | 登录号 | 条形码 | 馆藏地/架位号 | 状态 | 备注 |
| 1 | 1252349 | 212523492 | 社科库309/309社科库 4排1列1层/ [索取号:K837.125.2/M280] | 在馆 | |
| 2 | 1252350 | 212523508 | 社科库309/309社科库 4排1列1层/ [索取号:K837.125.2/M280] | 在馆 | |
| 3 | 1252351 | 212523517 | 社科库309/309社科库 4排1列1层/ [索取号:K837.125.2/M280] | 在馆 |